000 00410nam a2200157 i 4500
001 bg
100 1 _aBołtryk, Michał.
245 0 _aTechnologia formowania prefabrykatów betonowych /
_cM. Bołtryk, B. Gusiew.
260 _aBiałystok,
_c1990.
700 1 _aG~7usev, Boris V.
040 _cBPK
041 _apol
080 _a666.97/.98:69.057
942 _cKS
008 s pl f |000 0 pol
999 _c4340
_d4340
856 _uhttp://koha.tu.koszalin.pl/cgi-bin/koha/opac-detail.pl?biblionumber=4340
_yKatalog online BPK